De-agrarianisation and the urbanisation of a rural economy: agrarian patterns in Melani village in the Eastern Cape (Record no. 62697)
[ view plain ]
| 000 -LEADER | |
|---|---|
| fixed length control field | 01028nam a2200229 a 4500 |
| 008 - FIXED-LENGTH DATA ELEMENTS--GENERAL INFORMATION | |
| fixed length control field | 091229s1999 ||||||||||||||||| || u |
| 050 ## - LIBRARY OF CONGRESS CALL NUMBER | |
| Classification number | ASC(08)WP/32A |
| 100 ## - MAIN ENTRY--PERSONAL NAME | |
| Personal name | Manona, Cecil |
| 245 10 - TITLE STATEMENT | |
| Title | De-agrarianisation and the urbanisation of a rural economy: agrarian patterns in Melani village in the Eastern Cape |
| Statement of responsibility, etc. | by Cecil Manona |
| 260 ## - PUBLICATION, DISTRIBUTION, ETC. | |
| Place of publication, distribution, etc. | Leiden: |
| Name of publisher, distributor, etc. | ASC |
| Date of publication, distribution, etc. | 1999 |
| 300 ## - PHYSICAL DESCRIPTION | |
| Extent | 43p. |
| 350 ## - PRICE (NR) (BK AM CF MU VM SE) [OBSOLETE] | |
| Price | 0.00 |
| 490 ## - SERIES STATEMENT | |
| Series statement | ASC Working papers |
| 500 ## - GENERAL NOTE | |
| General note | Bibliography |
| 650 ## - SUBJECT ADDED ENTRY--TOPICAL TERM | |
| Topical term or geographic name entry element | AGRICULTURE |
| 650 ## - SUBJECT ADDED ENTRY--TOPICAL TERM | |
| Topical term or geographic name entry element | AGRICULTURE--SOUTH AFRICA--RURAL CONDITIONS |
| 650 ## - SUBJECT ADDED ENTRY--TOPICAL TERM | |
| Topical term or geographic name entry element | SOUTH AFRICA--RURAL CONDITIONS |
| 650 ## - SUBJECT ADDED ENTRY--TOPICAL TERM | |
| Topical term or geographic name entry element | RURAL DEVELOPMENT--AFRICA, SUB-SAHARAN |
| 710 ## - ADDED ENTRY--CORPORATE NAME | |
| Corporate name or jurisdiction name as entry element | Africa Studies Centre (ASC) |
| 995 ## - RECOMMENDATION 995 [LOCAL, UNIMARC FRANCE] | |
| -- | 0.00 |
| -- | CBU-MAIN LIBRARY (Kitwe) |
| -- | 1 |
| -- | 0.00 |
| -- | 2 |
| -- | AVAILABLE |
| -- | Dec 29, 2009 |
| -- | International Publications |
| 995 ## - RECOMMENDATION 995 [LOCAL, UNIMARC FRANCE] | |
| -- | 0.00 |
| -- | CBU-MAIN LIBRARY (Kitwe) |
| -- | 1 |
| -- | 0.00 |
| -- | 1 |
| -- | AVAILABLE |
| -- | Dec 29, 2009 |
| -- | International Publications |
| Withdrawn status | Lost status | Source of classification or shelving scheme | Damaged status | Not for loan | Home library | Current library | Shelving location | Date acquired | Total Checkouts | Full call number | Barcode | Date last seen | Price effective from | Koha item type |
|---|---|---|---|---|---|---|---|---|---|---|---|---|---|---|
| CBU-MAIN LIBRARY, KITWE. | CBU-MAIN LIBRARY, KITWE. | 12/15/2022 | ASC(08)WP/32A | 03005246 | 12/15/2022 | 12/15/2022 | MONOGRAPH | |||||||
| CBU-MAIN LIBRARY, KITWE. | CBU-MAIN LIBRARY, KITWE. | 12/15/2022 | ASC(08)WP/32A | 03005245 | 12/15/2022 | 12/15/2022 | MONOGRAPH |